Movie Quotes About Love: Which Movie? - Statistics

General Stats
  • This quiz has been taken 9 times
  • The average score is 9 of 30
Answer Stats
Quote Movie % Correct
"Of all the gin joints, in all the towns, in all the world, she walks into mine." Casablanca
88%
"Winning that ticket, Rose, was the best thing that ever happened to me... it brought me to you. And I'm thankful for that, Rose." Titanic
75%
"You complete me." Jerry Maguire
63%
"Love means never having to say you're sorry." Love Story
63%
"I wish I knew how to quit you." Brokeback Mountain
50%
"You want the moon? Just say the word, and I'll throw a lasso around it and pull it down." It's a Wonderful Life
38%
"To me, you are perfect.” Love Actually
38%
"I'm just a girl, standing in front of a boy, asking him to love her." Notting Hill
38%
"The best love is the kind that awakens the soul and makes us reach for more, that plants a fire in our hearts and brings peace to our minds." The Notebook
38%
“So it’s not gonna be easy. It’s gonna be really hard. We’re gonna have to work at this every day, but I want to do that because I want you. I want all of you, forever, you and me, every day.” The Notebook
38%
“If you’re a bird, I’m a bird.” The Notebook
38%
"When you realize you want to spend the rest of your life with somebody, you want the rest of your life to start as soon as possible." When Harry Met Sally
38%
“I wanted it to be you, I wanted it to be you so badly.” You've Got Mail
38%
"You make me want to be a better man." As Good as It Gets
25%
“I can't see anything I don't like about you.” Eternal Sunshine of The Spotless Mind
25%
"I could die right now, Clem. I'm just... happy. I've never felt that before. I'm just exactly where I want to be." Eternal Sunshine of The Spotless Mind
25%
“I knew I’d never be able to remember what Nina wore that day. But I also knew I’d never forget the way she looked.” Father of The Bride
25%
"Death cannot stop true love. All it can do is delay it for a while." The Princess Bride
25%
"I will return. I will find you. Love you. Marry you. And live without shame." Atonement
13%
“I guess when you’re young, you just believe there’ll be many people…you’ll connect with. Later in life, you realize it only happens a few times.” Before Sunset
13%
"They say when you meet the love of your life, time stops, and that’s true.” Big Fish
13%
"No, I like you very much. Just as you are." Bridget Jone's Diary
13%
“I’ve fallen in love. I’m an ordinary woman. I didn’t think such violent things could happen to ordinary people.” Brief Encounter
13%
“I like you. So there’s that. I guess I have that.” Garden State
13%
“Listen to me, mister. You’re my knight in shining armor. Don’t you forget it.” On Golden Pond
13%
"I love you without knowing how, why, or even from where." Patch Adams
13%
"You have bewitched me, body and soul, and I love, I love, I love you." Pride and Prejudice
13%
"You will never age for me, nor fade, nor die." Shakespeare in Love
13%
“I wish I had done everything on earth with you.” The Great Gatspy
13%
"I think I'd miss you even if we'd never met." The Wedding Date
13%
No matching quizzes found
Score Distribution
Percent of People with Each Score
Percentile by Number Answered
Your Score History
You have not taken this quiz